California Italian studies

The California Italian Studies Journal is a digital, peer-reviewed, open access journal committed to publishing innovative and influential scholarly work in the field of Italian Studies. The nascent journal will feature interdisciplinary, comparative, and critical scholarship.

Detalles Bibliográficos
Autores Corporativos: University of California (System). Italian Studies Multicampus Research Group, California Digital Library. eScholarship
Formato: Electrónico Revista
Lenguaje:inglés
italiano
Publicado: [Berkeley, Calif.] : EScholarship, University of California
Materias:
Acceso en línea:Full text available from Research Library: 01/01/2018 to present

MARC

LEADER 00000nas a2200000 a 4500
001 ssj0000331766
003 WaSeSS
005 20200512172242.0
006 m d
007 cr n
008 100326c20109999caufr pss 0 a0eng d
010 |a  2010202297 
022 |a 2155-7926  |l 2155-7926 
035 |a (WaSeSS)ssj0000331766 
037 |b California Italian Studies, Interdisciplinary Humanities Center, University of California, 60466 HSSB, Santa Barbara, CA 93106-7100 
040 |a STF  |b eng  |c STF  |d UAB  |d CUS  |d DLC  |d WAU  |d OCLCQ  |d OCLCF  |d OCLCQ  |d OCLCO  |d OCLCQ  |d VT2  |d WaSeSS 
041 0 |a eng  |a ita 
042 |a lccopycat  |a nsdp 
043 |a e-it--- 
050 0 0 |a DG441 
082 1 0 |a 945  |2 14 
222 0 |a California Italian studies 
245 0 0 |a California Italian studies  |h [electronic resource]. 
246 1 3 |a California Italian studies journal 
246 1 3 |a CIS 
260 |a [Berkeley, Calif.] :  |b EScholarship, University of California 
310 |a Two issues a year 
362 1 |a Began with: Volume 1, issue 1 (2010). 
506 |a License restrictions may limit access. 
520 |a The California Italian Studies Journal is a digital, peer-reviewed, open access journal committed to publishing innovative and influential scholarly work in the field of Italian Studies. The nascent journal will feature interdisciplinary, comparative, and critical scholarship. 
546 |a English and Italian. 
588 |a Description based on: Volume 1, issue 1 (2010); title from journal home page (California Digital Library eScholarship, viewed on Mar. 26, 2010). 
588 |a Latest issue consulted: Volume 1, issue 2 (2010) (publisher's Web site, viewed Dec. 28, 2010). 
650 0 |a Italian literature  |x History and criticism  |v Periodicals. 
650 7 |a Civilization.  |2 fast  |0 (OCoLC)fst00862898 
650 7 |a Italian literature.  |2 fast  |0 (OCoLC)fst00980660 
651 0 |a Italy  |x Civilization  |v Periodicals. 
651 0 |a Italy  |x History  |v Periodicals. 
651 7 |a Italy.  |2 fast  |0 (OCoLC)fst01204565 
655 0 |a Electronic journals. 
710 2 |a University of California (System).  |b Italian Studies Multicampus Research Group. 
710 2 |a California Digital Library.  |b eScholarship. 
850 |a DLC 
856 4 0 |z Full text available from Research Library: 01/01/2018 to present  |u https://search.proquest.com/publication/4379823